| 000 | 00557nam a2200193 a 4500 | ||
|---|---|---|---|
| 005 | 20210223125400.0 | ||
| 008 | 040607s1999 mx r 000 0 spa d | ||
| 020 | _a8427024959 | ||
| 035 | _aUPN01000133623 | ||
| 049 | _aCG | ||
| 050 | 4 |
_aBS1696 E8 _bL6.7 |
|
| 100 | 1 | _aLocatelli, Attilio | |
| 245 | 1 | 0 |
_aTestamentos apócrifos / _cAttilio Locatelli. |
| 260 |
_aBarcelona, Esp. : _bMartínez Roca, _c1999. |
||
| 300 | _a221 p. | ||
| 630 | 0 | 4 |
_aBIBLIA. _pA.T. _pLIBROS APOCRIFOS _919258 |
| 630 | 0 | 4 |
_aBIBLIA. _pN.T. _pLIBROS APOCRIFOS _919259 |
| 905 | _aLibro | ||
| 999 |
_c105774 _d105774 |
||